Chapman Library

IEBM handbook of human resource management (Record no. 664)

000 -LEADER
fixed length control field 00370nam a22001337a 4500
020 ## - INTERNATIONAL STANDARD BOOK NUMBER
ISBN 1861526334
050 ## - LIBRARY OF CONGRESS CALL NUMBER
Classification number HF5549
100 ## - MAIN ENTRY--AUTHOR NAME
Personal name Poole, Micheal
Personal name Warner, Malcolm
245 ## - TITLE STATEMENT
Title IEBM handbook of human resource management
260 ## - PUBLICATION, DISTRIBUTION, ETC. (IMPRINT)
Place of publication London
Name of publisher Thomson Learning
Year of publication 1998
300 ## - PHYSICAL DESCRIPTION
Number of Pages xviii, 974p.:ill., includes bibliographical references and index
942 ## - ADDED ENTRY ELEMENTS (KOHA)
Koha item type Books
Holdings
Koha item type Collection code Shelving location Accession Number Permanent Location Current Location Date acquired Full call number
BooksLendingLending1289Chapman LibraryChapman Library2016-04-26HF5549poo


CSUC Chapman Library is a Koha Automated Library.


Contact us: library@csuc.edu.gh.